Statistics for Countries with the Highest IQ

Click here to take the quiz!

General Stats

  • This quiz has been taken 71 times
  • The average score is 15 of 20

Answer Stats

IQCountry% Correct
104.2Japan
94%
99.1United Kingdom
94%
98.8Germany
92%
98.6Sweden
92%
100.4Canada
89%
100.4Netherlands
89%
105.8China
86%
104.6South Korea
85%
99.3Belgium
83%
100.9Finland
83%
100.2Switzerland
83%
99Austria
79%
107.1Singapore
79%
104.6Taiwan
79%
99.2Australia
77%
98.9New Zealand
74%
99.4Estonia
61%
100.3Liechtenstein
53%
98.9Czech Republic
44%
100Mongolia
23%

Score Distribution

Percentile by Number Answered

Percent of People with Each Score

Your Score History

You have not taken this quiz